Zivilstandsstatistik 1988
Guardado en:
| Formato: | Libro |
|---|---|
| Lenguaje: | alemán |
| Publicado: |
Vaduz
Amt für Volkswirtschaft
1988
|
| Edición: | 1. Aufl. |
| Etiquetas: |
Sin Etiquetas, Sea el primero en etiquetar este registro!
|
MARC
| LEADER | 00000nam a2200000 4500 | ||
|---|---|---|---|
| 001 | c028403 | ||
| 005 | 20260130112902.4 | ||
| 041 | 0 | |a ger | |
| 044 | |a LI | ||
| 245 | 1 | 0 | |a Zivilstandsstatistik 1988 |
| 250 | |a 1. Aufl. | ||
| 264 | 1 | |a Vaduz |b Amt für Volkswirtschaft |c 1988 | |
| 300 | |a 64 s. | ||